|
|
|
|
| LEADER |
01617nam a22003137a 4500 |
| 001 |
9640 |
| 003 |
BD-DhAAL |
| 005 |
20231003104457.0 |
| 008 |
180526s 2014 ||||| |||| 00| 0 B d |
| 020 |
|
|
|a 9789849070832
|
| 020 |
|
|
|a 9840741847
|
| 040 |
|
|
|a BD-DhAAL
|d BD-DhAAL
|
| 041 |
|
|
|a ben
|
| 082 |
|
|
|a 181.043
|2 22
|
| 100 |
|
|
|a বড়ুয়া, জিতেন্দ্র লাল.
|9 25999
|
| 245 |
|
|
|a বৌদ্ধ দর্শনের রূপরেখা /
|c জিতেন্দ্র লাল বড়ুয়া.
|
| 246 |
|
|
|a Bouddha darshaner ruparekha
|
| 246 |
|
|
|a The outline of Buddhist philosophy
|
| 260 |
|
|
|a ঢাকা :
|b উত্তরণ ;
|b বাংলা একাডেমী,
|c ২০০১.
|
| 300 |
|
|
|a ১৫৯ পৃষ্ঠা,
|a ১৩৬ পৃষ্ঠা ;
|c ২২ সে.মি.
|
| 504 |
|
|
|a গ্রন্থপঞ্জিগত নির্দেশিকা অন্তর্ভুক্ত।
|
| 526 |
|
|
|a BIED
|
| 541 |
|
|
|a Complimentary copy from BIED
|e 9640, 41795
|
| 650 |
|
|
|a Buddhist philosophy.
|9 26000
|
| 852 |
|
|
|a Ayesha Abed Library
|
| 942 |
|
|
|2 ddc
|c BK
|
| 999 |
|
|
|c 39393
|d 39393
|
| 952 |
|
|
|0 0
|1 0
|2 ddc
|4 0
|6 181_000000000000000__043_BAR
|7 0
|9 63391
|a SCL
|b SCL
|c GEN
|d 2018-05-26
|e Development Book Agency
|g 180.00
|l 3
|m 3
|o 181.043 BAR
|p 3020009640
|r 2022-11-21
|s 2022-10-13
|t 1
|w 2018-05-26
|y BK
|
| 952 |
|
|
|0 0
|1 0
|2 ddc
|4 0
|6 181_043000000000000_BAR
|7 0
|9 74508
|a BRACUL
|b BRACUL
|c GEN
|d 2023-10-03
|e Complimentary copy from BIED
|g 75.00
|l 1
|m 19
|o 181.043 BAR
|p 3010041795
|q 2026-05-19
|r 2025-12-30
|s 2025-12-30
|t 2
|w 2023-10-03
|y BK
|x Transferred from BIED to General Stacks
|